Navrhnúť najvhodnejšiu technológiu renovácie tlakotesných viek hlavných uzatváracích armatúr na elektrárni V2 : Diplomová práca

Enregistré dans:
Détails bibliographiques
Auteur principal: Miškuf, Ivan (Auteur)
Autres auteurs: Mencl, Ján (xxx)
Format: Manuscrit Livre
Langue:slovaque
Publié: Trnava : STU v Bratislave MtF KZaZS, 1994
Sujets:
Tags: Ajouter un tag
Pas de tags, Soyez le premier à ajouter un tag!

MARC

LEADER 00000ntm a22000003a 4500
001 stu80477
005 20160719154946.8
008 030512s1994----xo------------------slo-d
040 |a STU  |b slo 
041 0 |a slo 
044 |a xo 
100 1 |a Miškuf, Ivan  |4 aut 
245 1 |a Navrhnúť najvhodnejšiu technológiu renovácie tlakotesných viek hlavných uzatváracích armatúr na elektrárni V2 :  |b Diplomová práca 
260 |a Trnava :  |b STU v Bratislave MtF KZaZS,  |c 1994 
300 |a 59 s  |c abstr. + príl. 
650 7 |a korózia energetických zariadení  |2 stusub 
650 7 |a naváracie metódy  |2 stusub 
650 7 |a strojárske technológie  |2 stusub 
700 1 |a Mencl, Ján  |4 xxx 
996 |b 284M042112  |c M*DP-2112  |l MMSKP  |s P  |a 0  |w stu80477_0001